[Event "1er Open International d'Aix-les-Bains"]
[Site "Aix-les-Bains (73)"]
[Date "2014.08.10"]
[Round "1.1"]
[White "Guidarelli, Laurent"]
[Black "Catherineau, Alexandre"]
[Result "1-0"]
[WhiteElo "2498"]
[BlackElo "1698"]
[PlyCount "37"]
[EventDate "2014.??.??"]

1. d4 Nf6 2. c4 e6 3. Nc3 Bb4 4. e3 c5 5. a3 Bxc3+ 6. bxc3 O-O 7. Bd3 d6 8. e4
Nc6 9. Ne2 b6 10. Bg5 e5 11. O-O Qe7 12. f4 exd4 13. cxd4 cxd4 14. Ng3 Bg4 15.
Bxf6 Qd7 16. Qd2 gxf6 17. f5 Na5 18. Rf4 h5 19. Rxg4+ 1-0

[Event "1er Open International d'Aix-les-Bains"]
[Site "Aix-les-Bains (73)"]
[Date "2014.08.10"]
[Round "1.2"]
[White "Desfonds, Sylvie"]
[Black "Navrotescu, Catalin"]
[Result "0-1"]
[WhiteElo "1687"]
[BlackElo "2406"]
[PlyCount "50"]
[EventDate "2014.??.??"]

1. d4 g6 2. c4 Bg7 3. e4 c5 4. Nf3 cxd4 5. Nxd4 Nc6 6. Be3 Nf6 7. Be2 Nxe4 8.
O-O O-O 9. f3 Nf6 10. Nc3 d6 11. Qd2 Bd7 12. Rad1 Rc8 13. a3 a6 14. b4 Ne5 15.
Qa2 Qc7 16. Nd5 Nxd5 17. cxd5 Qc3 18. Bf2 Ba4 19. Rc1 Qxc1 20. Rxc1 Rxc1+ 21.
Bf1 Rfc8 22. Qe2 Rd1 23. f4 Rcc1 24. g3 Rxf1+ 25. Kg2 Nc4 0-1

[Event "1er Open International d'Aix-les-Bains"]
[Site "Aix-les-Bains (73)"]
[Date "2014.08.10"]
[Round "1.3"]
[White "Joie, Sebastien"]
[Black "Navrotescu, Vlad-Andrei"]
[Result "1-0"]
[WhiteElo "2366"]
[BlackElo "1671"]
[PlyCount "47"]
[EventDate "2014.??.??"]

1. d4 Nf6 2. Nf3 e6 3. g3 c5 4. Bg2 d5 5. O-O Nc6 6. c4 Be7 7. cxd5 Nxd5 8.
dxc5 Bxc5 9. a3 O-O 10. Qc2 Qb6 (10... Qe7 11. e4 Ncb4) 11. e4 Nf6 12. b4 Bd4
13. Nxd4 Nxd4 14. Qb2 e5 15. Nc3 Be6 16. Be3 Ng4 17. Nd5 Bxd5 18. Bxd4 exd4 19.
exd5 Rac8 20. Rad1 Rc3 21. Qd2 Rc4 22. Qe2 d3 23. Rxd3 Rfc8 24. d6 1-0

[Event "1er Open International d'Aix-les-Bains"]
[Site "Aix-les-Bains (73)"]
[Date "2014.08.10"]
[Round "1.4"]
[White "Lamb, Ian"]
[Black "Carpentier, Pierre"]
[Result "0-1"]
[WhiteElo "1669"]
[BlackElo "2242"]
[PlyCount "44"]
[EventDate "2014.??.??"]

1. Nf3 Nf6 2. c4 g6 3. d4 Bg7 4. Nc3 O-O 5. e4 d6 6. Be2 Nbd7 7. O-O e5 8. d5
Nc5 9. Qc2 a5 10. Ne1 b6 11. f3 Nh5 12. Be3 Nf4 13. Nd3 Qg5 14. Nxf4 exf4 15.
Bxc5 bxc5 16. Rfd1 Bd7 17. Rab1 Rfe8 18. a4 Bd4+ 19. Kh1 Re5 20. Nb5 Be3 21.
Bf1 Qh4 22. Re1 Qxh2+ 0-1

[Event "1er Open International d'Aix-les-Bains"]
[Site "Aix-les-Bains (73)"]
[Date "2014.08.10"]
[Round "1.5"]
[White "Navrotescu, Andreea-Cristiana"]
[Black "Amram, Roger"]
[Result "1-0"]
[WhiteElo "2208"]
[BlackElo "1659"]
[PlyCount "63"]
[EventDate "2014.??.??"]

1. c4 e5 2. g3 Nf6 3. Bg2 d5 4. cxd5 Nxd5 5. Nc3 Nb6 6. Nf3 Nc6 7. O-O Be7 8.
d3 O-O 9. a3 f6 10. b4 a5 11. b5 Nd4 12. Nxd4 exd4 13. Qb3+ Kh8 14. Na4 Nd7 15.
Bf4 Nc5 16. Nxc5 Bxc5 17. Qc4 Qe7 18. Rfc1 Bb6 19. Qc2 Bg4 20. h3 Be6 21. Bxb7
Rad8 22. Bg2 Bd5 23. Bxc7 Bxg2 24. Bxd8 Qxd8 25. Kxg2 h6 26. Qc6 Re8 27. Qf3
Qe7 28. Rc6 Bd8 29. Rac1 Qxe2 30. Qxe2 Rxe2 31. Rc8 Re8 32. b6 1-0

[Event "1er Open International d'Aix-les-Bains"]
[Site "Aix-les-Bains (73)"]
[Date "2014.08.10"]
[Round "1.6"]
[White "Dupeux, Simeon"]
[Black "Pepino, Enrico"]
[Result "1/2-1/2"]
[WhiteElo "1624"]
[BlackElo "2193"]
[PlyCount "101"]
[EventDate "2014.??.??"]

1. e4 c5 2. Nf3 d6 3. d4 cxd4 4. Nxd4 Nf6 5. Nc3 g6 6. Bc4 Bg7 7. f3 O-O 8. Be3
Nc6 9. Qd2 Bd7 10. O-O-O b5 11. Bxb5 Ne5 12. Qe2 Bxb5 13. Ndxb5 Qa5 14. Rd4 Nc6
15. Ra4 Qd8 16. Nxa7 Nxa7 17. Rxa7 Rxa7 18. Bxa7 Qa5 19. Bd4 Rb8 20. a3 e5 21.
Be3 d5 22. exd5 Nxd5 23. Nxd5 Qxd5 24. b3 Qa5 25. Qc4 Qxa3+ 26. Kd2 e4 27. fxe4
Qa5+ 28. Ke2 Rd8 29. Kf2 Bd4 30. Bxd4 Qd2+ 31. Qe2 Qxd4+ 32. Kg3 Qc3+ 33. Qf3
Qxc2 34. Re1 h5 35. h3 Rd3 36. Re3 Qc7+ 37. Kf2 Rd2+ 38. Kf1 Qh2 39. Re2 Rd1+
40. Kf2 h4 41. Re1 Rd2+ 42. Re2 Rd1 43. Re1 Rd2+ 44. Re2 Rd6 45. e5 Rd1 46. Re1
Rxe1 47. Kxe1 Qxe5+ 48. Kf2 Qb2+ 49. Kg1 Qa1+ 50. Kh2 Qe5+ 51. Kg1 1/2-1/2

[Event "1er Open International d'Aix-les-Bains"]
[Site "Aix-les-Bains (73)"]
[Date "2014.08.10"]
[Round "1.7"]
[White "Barbaras, Mathieu"]
[Black "Colas, Yves"]
[Result "1-0"]
[WhiteElo "2150"]
[BlackElo "1596"]
[PlyCount "59"]
[EventDate "2014.??.??"]

1. d4 Nf6 2. Nf3 e6 3. c4 d5 4. g3 Nc6 5. Bg2 dxc4 6. Qa4 Rb8 7. Qxc4 Qd5 8.
Qa4 b5 9. Qd1 Bb4+ 10. Nc3 Bb7 11. O-O Bxc3 12. bxc3 Na5 13. Bf4 Rc8 14. a4
bxa4 15. Qxa4+ Nc6 16. c4 Qd7 17. d5 exd5 18. Rfd1 O-O 19. cxd5 Ne7 20. Qxd7
Nxd7 21. e4 Ng6 22. Rxa7 Nxf4 23. gxf4 Rb8 24. Rc1 Nf6 25. Ne5 Bc8 26. Nc6 Rb3
27. Rxc7 Bb7 28. d6 Bxc6 29. R7xc6 Rfb8 30. Rc8+ 1-0

[Event "1er Open International d'Aix-les-Bains"]
[Site "Aix-les-Bains (73)"]
[Date "2014.08.10"]
[Round "1.8"]
[White "Diaferia, Joseph"]
[Black "Chaudagne, Christophe"]
[Result "0-1"]
[WhiteElo "1573"]
[BlackElo "2143"]
[PlyCount "84"]
[EventDate "2014.??.??"]

1. e4 e6 2. d4 d5 3. Nd2 Nc6 4. Ngf3 Nf6 5. e5 Nd7 6. Be2 f6 7. exf6 Qxf6 8. c4
Nxd4 9. cxd5 exd5 10. O-O Bc5 11. Nxd4 Qxd4 12. Nb3 Qxd1 13. Rxd1 c6 14. Bg4
O-O 15. Nxc5 Nxc5 16. Bf3 Bf5 17. Be3 Nd3 18. Rd2 Rfe8 19. Rad1 Ne5 20. Be2 Bg4
21. Kf1 Bxe2+ 22. Rxe2 Ng4 23. Bf4 Rxe2 24. Kxe2 Re8+ 25. Kf3 Ne5+ 26. Bxe5
Rxe5 27. Rd3 Kf7 28. Re3 Rxe3+ 29. Kxe3 c5 30. f4 h5 31. g3 Ke6 32. h3 b5 33.
b3 a5 34. g4 b4 35. Kd3 Kf6 36. Ke3 c4 37. Kd2 c3+ 38. Kc2 d4 39. Kd3 Kf7 40.
Kc2 Ke6 41. Kd3 Kd5 42. g5 Ke6 0-1

[Event "1er Open International d'Aix-les-Bains"]
[Site "Aix-les-Bains (73)"]
[Date "2014.08.10"]
[Round "1.9"]
[White "Pahud, Cedric"]
[Black "Lorenter, Patrick"]
[Result "1-0"]
[WhiteElo "2132"]
[BlackElo "1539"]
[PlyCount "19"]
[EventDate "2014.??.??"]

1. e4 d6 2. d4 Nf6 3. Nc3 g6 4. Nf3 Bg7 5. h3 b6 6. Bc4 Nxe4 7. Nxe4 d5 8. Neg5
dxc4 9. Nxf7 $5 Rf8 $4 (9... Kxf7 10. Ng5+ Kg8 11. Qf3 Bf5 12. Qxa8 h6 13. Nf3
Bxc2 $13) 10. Nxd8 1-0

[Event "1er Open International d'Aix-les-Bains"]
[Site "Aix-les-Bains (73)"]
[Date "2014.08.10"]
[Round "1.10"]
[White "Vu, Minh-Duc"]
[Black "Deleva, Mathias"]
[Result "0-1"]
[WhiteElo "1535"]
[BlackElo "2099"]
[PlyCount "55"]
[EventDate "2014.??.??"]

1. d4 Nf6 2. c4 g6 3. Nc3 Bg7 4. e4 d6 5. Nf3 O-O 6. Be2 e5 7. dxe5 dxe5 8.
Qxd8 Rxd8 9. O-O Na6 10. Be3 Ng4 11. Rfd1 Be6 12. Bd2 f6 13. h3 Nh6 14. Be3 Nf7
15. Rxd8+ Rxd8 16. Rd1 Rxd1+ 17. Nxd1 Nd6 18. Nd2 Nb4 19. Nc3 a6 20. f3 Nc2 21.
Ba7 Bh6 22. c5 Nc8 23. c6 bxc6 24. Bb8 Bxd2 25. Bxc7 Na7 26. Bxa6 Be3+ 27. Kf1
Nb5 $1 28. Nxb5 (28. Nxb5 Bc4#) 0-1

[Event "1er Open International d'Aix-les-Bains"]
[Site "Aix-les-Bains (73)"]
[Date "2014.08.10"]
[Round "2.1"]
[White "Lamb, Harry"]
[Black "Guidarelli, Laurent"]
[Result "0-1"]
[WhiteElo "1987"]
[BlackElo "2498"]
[PlyCount "82"]
[EventDate "2014.??.??"]

1. Nf3 c5 2. g3 g6 3. Bg2 Bg7 4. O-O Nc6 5. e4 Nf6 6. d3 d5 7. Nbd2 O-O 8. Re1
e6 9. c3 a5 10. Qa4 Bd7 11. Qc2 a4 12. Nf1 b5 13. Bg5 h6 14. Bxf6 Bxf6 15. h4
Bg7 16. N1h2 a3 17. e5 Qc7 18. d4 Rfc8 19. Qd2 axb2 20. Qxb2 Na5 21. Qd2 Nc4
22. Qf4 f5 23. exf6 Qxf4 24. gxf4 Bxf6 25. Ng4 Bg7 26. Nfe5 Nxe5 27. Nxe5 Bxe5
28. Rxe5 cxd4 29. cxd4 h5 30. Rb1 Ra4 31. Rd1 Rcc4 32. Bxd5 exd5 33. Rxd5 Bg4
34. Re1 Rxd4 35. Rxb5 Rd1 36. Rxd1 Bxd1 37. f5 Rxh4 38. Kg2 Rg4+ 39. Kh3 g5 40.
Rb6 Kf7 41. Rg6 Bc2 0-1

[Event "1er Open International d'Aix-les-Bains"]
[Site "Aix-les-Bains (73)"]
[Date "2014.08.10"]
[Round "2.2"]
[White "Navrotescu, Catalin"]
[Black "Giacometto, Mario"]
[Result "1-0"]
[WhiteElo "2406"]
[BlackElo "1953"]
[PlyCount "119"]
[EventDate "2014.??.??"]

1. d4 d5 2. c4 e6 3. Nf3 Nf6 4. g3 c6 5. Bg2 Be7 6. O-O O-O 7. Qc2 Nbd7 8. Nbd2
b6 9. e4 dxe4 10. Nxe4 Nxe4 11. Qxe4 Bb7 12. Rd1 Nf6 13. Qe2 Re8 14. Bf4 Qc8
15. Bh3 h6 16. Ne5 Bf8 17. Rac1 Ba6 18. Qf3 Bb7 19. Bg2 Nd7 20. c5 Nxe5 21.
Bxe5 b5 22. Bf1 Qd7 23. Qg4 Rad8 24. Bf6 Rc8 25. Bd3 g6 26. h4 h5 27. Qe2 Bg7
28. Be5 Qe7 29. Be4 a6 30. b4 Qd8 31. a4 Qe7 32. Ra1 Red8 33. Qf3 f5 34. Bc2
Bxe5 35. dxe5 Rxd1+ 36. Rxd1 Rd8 37. Rd6 Rxd6 38. cxd6 Qe8 39. Bb3 Bc8 40. Qe3
Bd7 41. Qa7 Qc8 42. a5 Kf7 43. Bd1 c5 44. bxc5 Qc6 45. Bf3 Qxf3 46. Qxd7+ Kg8
47. Qxe6+ Kh7 48. Qe7+ Kh6 49. d7 Qd1+ 50. Kh2 Qd4 51. Qg5+ Kg7 52. Qe3 Qxd7
53. e6 Qe7 54. Qe5+ Qf6 55. Qc7+ Kh6 56. e7 Qh8 57. Qd6 b4 58. Qd2+ Kh7 59.
Qxb4 f4 60. Qxf4 1-0

[Event "1er Open International d'Aix-les-Bains"]
[Site "Aix-les-Bains (73)"]
[Date "2014.08.10"]
[Round "2.3"]
[White "Ouadi, Wahbi"]
[Black "Joie, Sebastien"]
[Result "0-1"]
[WhiteElo "1932"]
[BlackElo "2366"]
[PlyCount "82"]
[EventDate "2014.??.??"]

1. e4 e5 2. Nf3 Nc6 3. Bc4 Bc5 4. O-O d6 5. d3 Nf6 6. c3 a6 7. Bb3 Ba7 8. h3 h6
9. Re1 g5 10. Nh2 g4 11. Be3 gxh3 12. Bxa7 Nxa7 13. g3 h5 14. Kh1 Ng4 15. Qf3
Qe7 16. Nd2 Rh6 17. Qe2 Nc6 18. Ndf3 Bd7 19. Nh4 O-O-O 20. Nf5 Bxf5 21. exf5
Qg5 22. Nxg4 hxg4 23. Bxf7 Qxf5 24. Bd5 Ne7 25. Be4 Qe6 26. d4 d5 27. Bc2 e4
28. c4 c6 29. cxd5 cxd5 30. Rac1 Kb8 31. Qe3 Rf6 32. Bd1 Qf5 33. Rc2 Rc8 34.
Rxc8+ Nxc8 35. Rf1 Nd6 36. Kh2 Nc4 37. Qf4+ Qxf4 38. gxf4 e3 39. Bxg4 Rxf4 40.
Kg3 Rxg4+ 41. Kxg4 Nd2 0-1

[Event "1er Open International d'Aix-les-Bains"]
[Site "Aix-les-Bains (73)"]
[Date "2014.08.10"]
[Round "2.4"]
[White "Carpentier, Pierre"]
[Black "Bandet, Raphael"]
[Result "1-0"]
[WhiteElo "2242"]
[BlackElo "1915"]
[PlyCount "80"]
[EventDate "2014.??.??"]

1. e4 e5 2. Nc3 Nf6 3. Nf3 Nc6 4. g3 Bb4 5. Bg2 d6 6. d3 Bg4 7. h3 Be6 8. O-O
h6 9. a3 Ba5 10. b4 Bb6 11. Na4 Qd7 12. Kh2 O-O 13. Nxb6 axb6 14. Bb2 Ne7 15.
d4 Nxe4 16. dxe5 d5 17. Nd2 Nxd2 18. Qxd2 c5 19. Rad1 Rfd8 20. c3 Rac8 21. g4
h5 22. gxh5 Nf5 23. Rg1 Qc7 24. Rde1 d4 25. cxd4 cxd4 26. Qf4 f6 27. Be4 fxe5
28. Qg5 Nd6 29. Qxe5 Nc4 30. Qxc7 Rxc7 31. Bc1 Bd5 32. Bd3 Rf7 33. Re2 Rdf8 34.
f4 b5 35. h6 Kh8 36. Rg5 Bc6 37. Re6 Ne3 38. Bb2 Rd8 39. hxg7+ Rxg7 40. Rxg7
Kxg7 (40... Kxg7 41. Rxe3) 1-0

[Event "1er Open International d'Aix-les-Bains"]
[Site "Aix-les-Bains (73)"]
[Date "2014.08.10"]
[Round "2.5"]
[White "Poletti, Fausto"]
[Black "Navrotescu, Andreea-Cristiana"]
[Result "0-1"]
[WhiteElo "1908"]
[BlackElo "2208"]
[PlyCount "114"]
[EventDate "2014.??.??"]

1. c4 c5 2. Nf3 Nc6 3. d4 cxd4 4. Nxd4 Nf6 5. Nc3 e6 6. Nc2 d5 7. e3 Bc5 8. Be2
O-O 9. O-O a6 10. Rb1 Qd6 11. a3 Ba7 12. b4 Bb8 13. g3 dxc4 14. Qxd6 Bxd6 15.
Bxc4 e5 16. Rd1 Bf5 17. Rxd6 Bxc2 18. Rb2 Bf5 19. Bd2 Rfc8 20. Be1 Kf8 21. f3
e4 22. Be2 Ne5 23. fxe4 Nxe4 24. Nxe4 Bxe4 25. Kf2 Ke7 26. Rd4 Bg6 27. h3 Rc1
28. a4 b6 29. Ra2 f6 30. Bd2 Rc7 31. Rb2 Be8 32. a5 b5 33. e4 Rac8 34. Bf4 Rc2
35. Rd2 Rxb2 36. Rxb2 Rc3 37. Bd2 Rc8 38. Be3 Bg6 39. Bc5+ Ke6 40. Ke3 Rd8 41.
Bd4 Nc6 42. Bg4+ Kf7 43. Bc5 Re8 44. Bf3 Bxe4 45. Bxe4 f5 46. Kf3 Rxe4 47. Kf2
Re8 48. Bb6 h6 49. Rb3 Re7 50. Bc5 Rd7 51. Rb2 Ne5 52. Rc2 Nc4 53. Ke2 Rd5 54.
Rc3 g5 55. Kf3 h5 56. Ke2 Rd2+ 57. Kf3 Rh2 0-1

[Event "1er Open International d'Aix-les-Bains"]
[Site "Aix-les-Bains (73)"]
[Date "2014.08.10"]
[Round "2.6"]
[White "Drillat, Michel"]
[Black "Barbaras, Mathieu"]
[Result "1/2-1/2"]
[WhiteElo "1884"]
[BlackElo "2150"]
[PlyCount "118"]
[EventDate "2014.??.??"]

1. d4 Nf6 2. c4 e6 3. Nc3 Bb4 4. Nf3 b6 5. Bg5 Bb7 6. e3 h6 7. Bh4 Bxc3+ 8.
bxc3 d6 9. Bd3 g5 10. Bg3 Ne4 11. Qc2 f5 12. d5 Nd7 13. Bxe4 fxe4 14. Qxe4 Qf6
15. Qxe6+ Qxe6 16. dxe6 Nc5 17. Nd4 Bxg2 18. Rg1 Bh3 19. O-O-O Bxe6 20. Nxe6
Nxe6 21. f4 O-O-O 22. fxg5 hxg5 23. Rgf1 Rdf8 24. Kc2 Nc5 25. Rxf8+ Rxf8 26.
Rd5 Ne4 27. Kd3 c6 28. Rd4 Nxg3 29. hxg3 Kc7 30. Rg4 Rf5 31. Re4 Kd7 32. Rg4
Ke6 33. Re4+ Kd7 34. Rg4 Ra5 35. a4 Ke6 36. Re4+ Kf5 37. Rd4 Rxa4 38. Rxd6 c5
39. e4+ Kg4 40. e5 Ra1 41. Kd2 Ra2+ 42. Kd3 Rf2 43. Rf6 Rh2 44. Ke4 Kxg3 45.
Kd5 Rh8 46. e6 g4 47. e7 Re8 48. Kd6 Kh2 49. Kd7 Rxe7+ 50. Kxe7 g3 51. Kd7 a5
52. Rxb6 g2 53. Rh6+ Kg3 54. Rg6+ Kf2 55. Rf6+ Ke3 56. Rg6 Kf2 57. Rf6+ Ke1 58.
Rg6 Kf2 59. Rf6+ Ke3 1/2-1/2

[Event "1er Open International d'Aix-les-Bains"]
[Site "Aix-les-Bains (73)"]
[Date "2014.08.10"]
[Round "2.7"]
[White "Chaudagne, Christophe"]
[Black "Budin, Florent"]
[Result "1-0"]
[WhiteElo "2143"]
[BlackElo "1903"]
[PlyCount "97"]
[EventDate "2014.??.??"]

1. Nf3 Nf6 2. Nc3 d5 3. d4 e6 4. Bg5 c5 5. e4 Be7 6. exd5 Nxd5 7. Bxe7 Qxe7 8.
Nxd5 exd5+ 9. Be2 c4 10. O-O O-O 11. c3 Nc6 12. Re1 Be6 13. b3 b5 14. bxc4 bxc4
15. Bxc4 dxc4 16. d5 Rad8 17. Qa4 Rxd5 18. Qxc6 Qc5 19. Qxc5 Rxc5 20. Nd4 Bf5
21. Nxf5 Rxf5 22. Re4 Rc5 23. Rb1 Rc7 24. Rb4 Rfc8 25. Kf1 g6 26. Ra4 f5 27.
Rd4 Kg7 28. h4 Kh6 29. g3 Kh5 30. Kg2 Kh6 31. Kf3 Kg7 32. Rd6 Re8 33. Rd4 Rec8
34. h5 g5 35. Rd6 Rf8 36. Raa6 f4 37. h6+ Kg8 38. Kg4 fxg3 39. fxg3 Re8 40.
Kxg5 Rc5+ 41. Kh4 Rc7 42. g4 Rf7 43. Rd4 Rc8 44. g5 Rf1 45. Rxa7 Rh1+ 46. Kg4
Rg1+ 47. Kh5 Rc1 48. Rg7+ Kh8 49. Rdd7 1-0

[Event "1er Open International d'Aix-les-Bains"]
[Site "Aix-les-Bains (73)"]
[Date "2014.08.10"]
[Round "2.8"]
[White "Dupeux, Denis"]
[Black "Pahud, Cedric"]
[Result "0-1"]
[WhiteElo "1855"]
[BlackElo "2132"]
[PlyCount "74"]
[EventDate "2014.??.??"]

1. d4 Nf6 2. c4 e6 3. Nc3 Bb4 4. Qc2 Nc6 5. Nf3 d6 6. Bd2 O-O 7. a3 Bxc3 8.
Bxc3 Qe7 9. e4 e5 10. dxe5 dxe5 11. Be2 Bg4 12. O-O Bxf3 13. Bxf3 Rfd8 14. Rfd1
Nd4 15. Bxd4 exd4 16. Re1 Qe5 17. Rad1 c5 18. g3 Rab8 19. Bg2 a6 20. f4 Qe7 21.
Bf3 b5 22. e5 Ne8 23. Be4 g6 24. Bd3 Ng7 25. Rd2 b4 26. Rf2 bxa3 27. bxa3 f5
28. exf6 Qxe1+ 29. Kg2 Nf5 30. Bxf5 gxf5 31. f7+ Kg7 32. Qxf5 Qe7 33. Qg4+ Kxf7
34. Qh5+ Kg8 35. Re2 Qf7 36. Qg5+ Qg7 37. Qxc5 Re8 0-1

[Event "1er Open International d'Aix-les-Bains"]
[Site "Aix-les-Bains (73)"]
[Date "2014.08.10"]
[Round "2.9"]
[White "Deleva, Mathias"]
[Black "Fontaine, Olivier"]
[Result "1-0"]
[WhiteElo "2099"]
[BlackElo "1883"]
[PlyCount "37"]
[EventDate "2014.??.??"]

1. e4 c6 2. d4 d5 3. e5 Bf5 4. Nf3 e6 5. Be2 Ne7 6. O-O Bg6 7. b3 Nf5 8. c4
dxc4 9. bxc4 Be7 10. Nc3 Nd7 11. Bf4 Nb6 12. Qd2 Qd7 13. Rfd1 Rd8 14. a4 a5 15.
d5 cxd5 16. cxd5 Qc8 17. Bb5+ Nd7 18. d6 Bf8 19. Rac1 1-0

[Event "1er Open International d'Aix-les-Bains"]
[Site "Aix-les-Bains (73)"]
[Date "2014.08.10"]
[Round "2.10"]
[White "David, Pierre-Yves"]
[Black "Barnier, Alain"]
[Result "1/2-1/2"]
[WhiteElo "1788"]
[BlackElo "2070"]
[PlyCount "59"]
[EventDate "2014.??.??"]

1. e4 c5 2. Nf3 d6 3. c3 Nf6 4. Bb5+ Bd7 5. Bxd7+ Nbxd7 6. Qe2 e6 7. O-O Be7 8.
d4 O-O 9. e5 Nd5 10. Na3 dxe5 11. dxe5 a6 12. c4 Nb4 13. Nc2 Nc6 14. b3 Qc7 15.
Bb2 b5 16. Rfe1 bxc4 17. Qxc4 Na5 18. Qa4 c4 19. Bc3 Nb7 20. Qxc4 Qxc4 21. bxc4
Rfc8 22. Red1 Rc7 23. Ne3 Kf8 24. Kf1 Bc5 25. Bd4 Bb4 26. Rab1 a5 27. Ne1 Ke8
28. Nd3 Be7 29. Rb5 Nbc5 30. Nxc5 1/2-1/2

[Event "1er Open International d'Aix-les-Bains"]
[Site "Aix-les-Bains (73)"]
[Date "2014.08.10"]
[Round "2.11"]
[White "Py, Walter"]
[Black "Clair, Michael"]
[Result "1-0"]
[WhiteElo "2063"]
[BlackElo "1841"]
[PlyCount "47"]
[EventDate "2014.??.??"]

1. e4 e6 2. d4 d5 3. exd5 exd5 4. Bd3 Bd6 5. Nf3 Ne7 6. O-O O-O 7. Re1 Bf5 8.
Bg5 f6 9. Bh4 Qd7 10. c4 dxc4 11. Bxc4+ Kh8 12. Nc3 g5 13. Bg3 Bxg3 14. hxg3
Nbc6 15. d5 Nd8 16. Nd4 Bg6 17. Qf3 Nf5 18. Ne6 Nxe6 19. dxe6 Qg7 20. Rad1 Rad8
21. Rxd8 Rxd8 22. Qxb7 c5 23. e7 Re8 24. Qxa7 1-0

[Event "1er Open International d'Aix-les-Bains"]
[Site "Aix-les-Bains (73)"]
[Date "2014.08.10"]
[Round "2.13"]
[White "Soyer, Jean-Yves"]
[Black "Vernet, Solene"]
[Result "1/2-1/2"]
[WhiteElo "2044"]
[BlackElo "1781"]
[PlyCount "82"]
[EventDate "2014.??.??"]

1. Nf3 c5 2. e4 Nc6 3. Bb5 g6 4. Bxc6 bxc6 5. O-O Bg7 6. Re1 Nf6 7. c3 O-O 8.
d4 cxd4 9. cxd4 Qb6 10. Nc3 Bb7 11. b3 d6 12. Bb2 Nd7 13. Rc1 c5 14. d5 Qd8 15.
Na4 Bxb2 16. Nxb2 f5 17. Ng5 Rf6 18. Ne6 Qb8 19. f3 fxe4 20. fxe4 Nf8 21. Ng5
e6 22. e5 dxe5 23. Nxe6 Nxe6 24. dxe6 Rxe6 25. Rxc5 Rd6 26. Qg4 e4 27. Nc4 Rf6
28. Qg5 Qd8 29. Qe5 Qf8 30. Rc7 Qb4 31. Qxf6 Qxe1+ 32. Qf1 Qxf1+ 33. Kxf1 Bc8
34. Ke2 Bf5 35. Nd2 a6 36. Ke3 Rd8 37. Nxe4 Bxe4 38. Kxe4 Rd2 39. Kf3 Rxa2 40.
h4 Ra3 41. Rb7 a5 1/2-1/2

[Event "1er Open International d'Aix-les-Bains"]
[Site "Aix-les-Bains (73)"]
[Date "2014.08.10"]
[Round "2.14"]
[White "Bezy, Cedric"]
[Black "Wurtz, Guillaume"]
[Result "0-1"]
[WhiteElo "1728"]
[BlackElo "1994"]
[PlyCount "66"]
[EventDate "2014.??.??"]

1. e4 c5 2. Nf3 Nc6 3. d4 cxd4 4. Nxd4 g6 5. Be3 Bg7 6. c3 Nf6 7. f3 O-O 8. Na3
d5 9. Nxc6 bxc6 10. e5 Nd7 11. f4 f6 12. e6 Nb6 13. f5 gxf5 14. Bd3 Bxe6 15.
O-O Bf7 16. Bxf5 e6 17. Bd3 Bg6 18. Rf3 f5 19. Qd2 e5 20. Rh3 f4 21. Bxg6 hxg6
22. Bc5 Rf7 23. Rf1 Nd7 24. Bf2 Nf6 25. Kh1 Ne4 26. Qe2 Qd7 27. Rd3 Re8 28. Bg1
g5 29. Nb1 g4 30. Nd2 Ng5 31. c4 e4 32. Ra3 d4 33. Qd1 e3 0-1

[Event "1er Open International d'Aix-les-Bains"]
[Site "Aix-les-Bains (73)"]
[Date "2014.08.10"]
[Round "2.15"]
[White "Pepino, Enrico"]
[Black "Costa, Anthony"]
[Result "1-0"]
[WhiteElo "2193"]
[BlackElo "1754"]
[PlyCount "63"]
[EventDate "2014.??.??"]

1. e4 c5 2. Nf3 Nc6 3. d4 cxd4 4. Nxd4 g6 5. c4 Bg7 6. Nc2 d6 7. Be2 Nf6 8. Nc3
O-O 9. O-O Bd7 10. Rb1 Qc7 11. b3 a6 12. Bb2 Rfc8 13. Ne3 Qd8 14. Qd2 Na7 15.
f4 b5 16. e5 Ne8 17. Rbd1 bxc4 18. Bxc4 Nb5 19. Ne4 h6 20. a4 Na7 21. exd6 Bxb2
22. Qxb2 Qb6 23. Qf2 Nxd6 24. Nxd6 exd6 25. Nd5 Qxf2+ 26. Rxf2 Rd8 27. Bxa6 Nc6
28. Bb5 Kg7 29. Nb6 Bg4 30. Nxa8 Bxd1 31. Bxc6 Rc8 32. Bd5 1-0

[Event "1er Open International d'Aix-les-Bains"]
[Site "Aix-les-Bains (73)"]
[Date "2014.08.10"]
[Round "2.16"]
[White "Catherineau, Alexandre"]
[Black "Dupeux, Simeon"]
[Result "0-1"]
[WhiteElo "1698"]
[BlackElo "1624"]
[PlyCount "50"]
[EventDate "2014.??.??"]

1. d4 Nf6 2. c4 e6 3. Nc3 d5 4. Bg5 Be7 5. e3 O-O 6. Nf3 b6 7. cxd5 Nxd5 8.
Bxe7 Nxe7 9. Bd3 Bb7 10. Rc1 h6 11. O-O Nd7 12. Nb5 c5 13. Nd6 Bc6 14. e4 cxd4
15. Nxd4 Nc5 16. Nxc6 Nxc6 17. Bb1 Qf6 18. Qe2 Nd4 19. Qe3 e5 20. Nc4 Rac8 21.
Rfd1 Nce6 22. Rc3 Nf4 23. Bd3 Qg5 24. g3 Qh5 25. Rdc1 Nf3+ 0-1

[Event "1er Open International d'Aix-les-Bains"]
[Site "Aix-les-Bains (73)"]
[Date "2014.08.10"]
[Round "2.17"]
[White "Frion, Sandrine"]
[Black "Desfonds, Sylvie"]
[Result "1/2-1/2"]
[WhiteElo "1385"]
[BlackElo "1687"]
[PlyCount "50"]
[EventDate "2014.??.??"]

1. e4 c5 2. Nf3 e6 3. d4 cxd4 4. Nxd4 Nf6 5. Nc3 Nc6 6. Be3 a6 7. Qd2 Be7 8.
Be2 O-O 9. O-O Qc7 10. Rad1 b5 11. a3 Bb7 12. Nb3 d6 13. Rfe1 Rac8 14. Bf4 e5
15. Bg3 Na5 16. Nxa5 Qxa5 17. Nd5 Qd8 18. Nxe7+ Qxe7 19. Qxd6 Qxd6 20. Rxd6
Rxc2 21. Bxe5 Rfc8 22. Bf3 Nxe4 23. Bxe4 Bxe4 24. Rdd1 Bg6 25. h3 h5 1/2-1/2

[Event "1er Open International d'Aix-les-Bains"]
[Site "Aix-les-Bains (73)"]
[Date "2014.08.10"]
[Round "2.18"]
[White "Navrotescu, Vlad-Andrei"]
[Black "Brethe, Jacques"]
[Result "1-0"]
[WhiteElo "1671"]
[BlackElo "1420"]
[PlyCount "59"]
[EventDate "2014.??.??"]

1. c4 c5 2. g3 Nc6 3. Bg2 e5 4. Nc3 Nf6 5. a3 d6 6. Nf3 Be6 7. O-O h6 8. d3 Be7
9. Rb1 a5 10. Ne1 O-O 11. Nc2 d5 12. cxd5 Nxd5 13. Ne3 Nxc3 14. bxc3 Rb8 15. c4
Qd7 16. Nd5 Bd8 17. Be3 Nd4 18. Bxd4 exd4 19. Rb5 b6 20. Qa4 Bxd5 21. Bxd5 Qg4
22. Bf3 Qd7 23. Rxa5 Qxa4 24. Rxa4 b5 25. Rb1 bxc4 26. Rxb8 Ba5 27. Rb5 Bc3 28.
Rxc5 Bb2 29. Rcxc4 Bxa3 30. Rxa3 1-0

[Event "1er Open International d'Aix-les-Bains"]
[Site "Aix-les-Bains (73)"]
[Date "2014.08.10"]
[Round "2.19"]
[White "Bois, Samuel"]
[Black "Lamb, Ian"]
[Result "1-0"]
[WhiteElo "1300"]
[BlackElo "1669"]
[PlyCount "95"]
[EventDate "2014.??.??"]

1. c4 Nf6 2. g3 e6 3. Bg2 d5 4. cxd5 exd5 5. e3 c6 6. Nf3 Qc7 7. b3 g6 8. Bb2
Bg7 9. Be5 Qe7 10. O-O Bg4 11. d4 O-O 12. Nbd2 Nbd7 13. h3 Bxf3 14. Nxf3 Nxe5
15. Nxe5 Nd7 16. Nf3 f5 17. Rb1 Rac8 18. b4 a6 19. Nd2 Nf6 20. a4 Ne4 21. Nxe4
fxe4 22. h4 Rf6 23. Bh3 Rcf8 24. b5 cxb5 25. axb5 a5 26. Qb3 Qf7 27. Rb2 b6 28.
Rc2 Rd8 29. Rc8 Rfd6 30. Rxd8+ Rxd8 31. Bg2 Qe6 32. Rc1 Bf8 33. f3 exf3 34.
Bxf3 Bh6 35. Re1 Qd6 36. Kg2 Kh8 37. Qd1 Qb4 38. Re2 Qxb5 39. g4 Rc8 40. g5 Bg7
41. Rc2 Rxc2+ 42. Qxc2 Qc4 43. Qd1 a4 44. h5 a3 45. hxg6 hxg6 46. Qh1+ Kg8 47.
Kg3 a2 $4 48. Bxd5+ 1-0

[Event "1er Open International d'Aix-les-Bains"]
[Site "Aix-les-Bains (73)"]
[Date "2014.08.10"]
[Round "2.20"]
[White "Amram, Roger"]
[Black "Galy, Christian"]
[Result "1-0"]
[WhiteElo "1659"]
[BlackElo "1306"]
[PlyCount "77"]
[EventDate "2014.??.??"]

1. e4 g6 2. d4 Bg7 3. Nc3 d6 4. Nf3 a6 5. Be3 Nd7 6. Bd3 e6 7. Qd2 h6 8. Ne2
Ne7 9. c3 Nf6 10. h3 b5 11. g4 Bb7 12. Ng3 d5 13. Qc2 dxe4 14. Nxe4 Nfd5 15.
Bd2 c6 16. Nc5 Ra7 17. Nxb7 Rxb7 18. O-O Qd6 19. Rfe1 Nf4 20. Bf1 c5 21. Qe4
Ned5 22. dxc5 Qc7 23. c6 Ra7 24. Red1 O-O 25. Bxf4 Nxf4 26. Rd7 Qb6 27. Rxa7
Nxh3+ 28. Bxh3 Qxa7 29. Ne5 f5 30. Qe3 Qc7 31. Nxg6 Rf6 32. Ne5 Qd6 33. Qd4 Qc7
34. Qd7 Qb6 35. Qe8+ Kh7 36. Nd7 Rf8 37. Nxf8+ Bxf8 38. Qxf8 Qxc6 39. Qf7+ 1-0

﻿